[Event "Ronne Jubilaum"]
[Site "Ronne"]
[Date "2001.06.28"]
[Round "7"]
[White "Hemdorff, Dennis"]
[Black "Svanholm, Borge Waaktaar"]
[Result "0-1"]
[WhiteElo "1653"]
[BlackElo "1712"]
[PlyCount "98"]
[EventDate "2001.06.24"]
[EventType "swiss"]
[EventRounds "9"]
[EventCountry "DEN"]
[SourceTitle "EXT 2023"]
[Source "ChessBase"]
[SourceDate "2022.10.05"]
[SourceVersion "1"]
[SourceVersionDate "2022.10.05"]
[SourceQuality "1"]

1. e4 c5 2. Nf3 d6 3. d4 cxd4 4. Nxd4 Nf6 5. Nc3 a6 6. Be3 e5 7. Nb3 Be6 8. Be2 Be7 9. 0-0 0-0 10. f4 exf4 11. Bxf4 Nc6 12. Qd2 Ne8 13. Rad1 Rc8 14. Qe3 Bf6 15. Kh1 Be5 16. Bxe5 Nxe5 17. Nd4 Nf6 18. Nf5 Bxf5 19. Rxf5 Re8 20. Rdf1 Re6 21. Qf4 Qc7 22. Qg3 Kh8 23. Bd3 h6 24. Ne2 Ng6 25. Nf4 Nxf4 26. Qxf4 Rce8 27. Qh4 Qe7 28. h3 Nxe4 29. Qxe7 Ng3+ 30. Kg1 R6xe7 31. Rxf7 Nxf1 32. Rxf1 Re1 33. Rxe1 Rxe1+ 34. Kf2 Ra1 35. a3 Ra2 36. b3 Rxa3 37. Ke3 Ra5 38. Kd4 Kg8 39. Be4 b6 40. b4 Re5 41. Bd3 a5 42. b5 Kf7 43. Bc4+ Kf6 44. Bd3 Kg5 45. g3 h5 46. c4 h4 47. g4 Kf4 48. Bf1 Kf3 49. Kd3 Kf2 0-1

[Event "Ronne Jubilaum"]
[Site "Ronne"]
[Date "2001.06.25"]
[Round "3"]
[White "Evensen, Tom Richard"]
[Black "Hemdorff, Dennis"]
[Result "1/2-1/2"]
[WhiteElo "1838"]
[BlackElo "1653"]
[PlyCount "106"]
[EventDate "2001.06.24"]
[EventType "swiss"]
[EventRounds "9"]
[EventCountry "DEN"]
[SourceTitle "EXT 2023"]
[Source "ChessBase"]
[SourceDate "2022.10.05"]
[SourceVersion "1"]
[SourceVersionDate "2022.10.05"]
[SourceQuality "1"]

1. d4 Nf6 2. Nf3 e6 3. c4 b6 4. a3 Bb7 5. Nc3 Be7 6. Bf4 d6 7. e3 Nbd7 8. Bd3 0-0 9. Rc1 c6 10. Bb1 h6 11. Qc2 c5 12. d5 e5 13. Bg3 Re8 14. 0-0 Bf8 15. Bh4 Be7 16. h3 Nf8 17. Bg3 Bc8 18. Rfd1 N6h7 19. b4 f5 20. Ne2 Ng5 21. Nxg5 Bxg5 22. Bh2 Qe7 23. Re1 Bf6 24. Ng3 g6 25. Ba2 Bd7 26. bxc5 bxc5 27. Nf1 Reb8 28. Rb1 Bc8 29. Bb3 Bd7 30. Nd2 Be8 31. Ba4 Bxa4 32. Qxa4 Qd7 33. Qc2 Qc7 34. f3 Rxb1 35. Rxb1 Rb8 36. Bg3 Nd7 37. Be1 Rxb1 38. Qxb1 Qb6 39. Nb3 Bg5 40. Kf2 Kf7 41. Ba5 Qb8 42. Nd2 Qxb1 43. Nxb1 Ke7 44. Nd2 h5 45. Bc7 Nf8 46. g4 Kd7 47. Ba5 Bd8 48. Bxd8 Kxd8 49. gxh5 gxh5 50. Nb3 Ng6 51. Na5 Kc7 52. Nc6 Kb6 53. a4 h4 1/2-1/2